Badly explained Mario characters - Statistics

General Stats
  • This quiz has been taken 41 times
  • The average score is 12 of 15
Answer Stats
Hint Answer % Correct
Short red plumber Mario
100%
Big angry turtle Bowser
97%
Lil brown mushroom enemy Goomba
97%
Green plumber Luigi
97%
Fat yellow man Wario
97%
Big tonged dinosor Yoshi
97%
Floaty pink princess Peach
93%
Tall purple man Waluigi
93%
Guy with mask who goes WAH WOAH shy guy
80%
Angry baby turtle with a bib Bowser jr
77%
Pink dino Birdo
70%
Guy who does shape magic Kamek
57%
Pukes out spiky balz Spike
57%
Spiky turtle guy who everyone forgets apparently Spiny
53%
Lil star guy Luma
50%
No matching quizzes found
Score Distribution
Percent of People with Each Score
Percentile by Number Answered
Your Score History
You have not taken this quiz